Χρηματοοικονομικό και Τραπεζικό Σύστημα / Χρηματοοικονομική Διοίκηση και Τραπεζική Οικονομική. (Record no. 3823)
[ view plain ]
| 000 -LEADER | |
|---|---|
| fixed length control field | 04099cam a22002054a 4500 |
| 005 - ΗΜΕΡΟΜΗΝΙΑ ΚΑΙ ΩΡΑ ΤΕΛΕΥΤΑΙΑΣ ΕΝΗΜΕΡΩΣΗΣ | |
| Πεδίο ελέγχου | 20250605164126.0 |
| 008 - FIXED-LENGTH DATA ELEMENTS--GENERAL INFORMATION | |
| Πεδίο ελέγχου σταθερού μήκους | 250528s ||||||||||||||||||||||||d |
| 035 ## - SYSTEM CONTROL NUMBER | |
| System control number | 18462 |
| 020 ## - ISBN | |
| ISBN | 9609120172 |
| 040 ## - ΠΗΓΗ ΚΑΤΑΛΟΓΟΓΡΑΦΗΣΗΣ | |
| Φορέας πρωτότυπης καταλογογράφησης | MC Athens Campus Library |
| Γλώσσα καταλογογράφησης | Ελληνικά, Μοντέρνα (1453-) |
| Modifying agency | MC Athens Campus Library |
| Κανόνες περιγραφικής καταλογογράφησης | AACR2 |
| 245 1# - ΤΙΤΛΟΣ ΚΑΙ ΔΗΛΩΣΗ ΥΠΕΥΘΥΝΟΤΗΤΑΣ | |
| Τίτλος | Χρηματοοικονομικό και Τραπεζικό Σύστημα / Χρηματοοικονομική Διοίκηση και Τραπεζική Οικονομική. |
| Number of part/section of a work | Τόμος Β' |
| 260 ## - PUBLICATION, DISTRIBUTION, ETC. | |
| Name of publisher, distributor, etc. | Ε.Κ.Π.Α, |
| Date of publication, distribution, etc. | 2002 |
| 300 ## - PHYSICAL DESCRIPTION | |
| Extent | 672 |
| 505 0# - FORMATTED CONTENTS NOTE | |
| Formatted contents note | Χρηματοοικομικό Σύστημα και Αγορές, Βασικά Πρότυπα Συμπεριφοράς και Λειτουργίας των Αγορών, Η Λειτουργία του Χρηματοοικονικού Συστήματος, Χρηματοπιστωτικό Σύστημα και Οικονομική Πολιτική, Το Ενοποιημένο Πλαίσιο των Διεθνών Χρηματοπιστωτικών Αγορών και Συναλλαγών, Μη Τραπεζικά Χρηματοπιστωτικά Ιδρύματα, Χρηματοοικονικές Αγορές, Οι Αγορές Διαχείρισης Κινδύνου, Το Τραπεζικό Σύστημα: Οργάνωση και Μεταβολή, Η Οργάνωση και η Μεταβολή των Χρηματοοικονομικών Συστημάτων, Διεύρυνση και Εξειδίκευση Εργασιών: Η Πορεία προς τα Χρηματοπιστωτικά Ιδρύματα Γενικής Τραπεζικής, Επιλογές Στρατηγικής και Νέες Τάσεις του Ανταγωνισμού στη Σύγχρονη Στρατηγική, Οικονίες Παραγωγής στον Τραπεζικό Κλάδο, Η Θεωρία της Τραπεζικής Εποπτείας, Η Εξέλιξη του Χρηματοοικονομικού Συστήματος, Το Πλαίσιο του Ελληνικού Χρηματοπιστωτικού Συστήματος μέχρι τα Μέσα της Δεκαετίας του 1980, Η Εξέλιξη του Χρηματοοικονικού Συστήματος την Περίοδο 1994-2001, Βιβλιογραφία. |
| 520 ## - SUMMARY, ETC. | |
| Summary, etc. | Χρηματοοικομικό Σύστημα και Αγορές, Βασικά Πρότυπα Συμπεριφοράς και Λειτουργίας των Αγορών, Η Λειτουργία του Χρηματοοικονικού Συστήματος, Χρηματοπιστωτικό Σύστημα και Οικονομική Πολιτική, Το Ενοποιημένο Πλαίσιο των Διεθνών Χρηματοπιστωτικών Αγορών και Συναλλαγών, Μη Τραπεζικά Χρηματοπιστωτικά Ιδρύματα, Χρηματοοικονικές Αγορές, Οι Αγορές Διαχείρισης Κινδύνου, Το Τραπεζικό Σύστημα: Οργάνωση και Μεταβολή, Η Οργάνωση και η Μεταβολή των Χρηματοοικονομικών Συστημάτων, Διεύρυνση και Εξειδίκευση Εργασιών: Η Πορεία προς τα Χρηματοπιστωτικά Ιδρύματα Γενικής Τραπεζικής, Επιλογές Στρατηγικής και Νέες Τάσεις του Ανταγωνισμού στη Σύγχρονη Στρατηγική, Οικονίες Παραγωγής στον Τραπεζικό Κλάδο, Η Θεωρία της Τραπεζικής Εποπτείας, Η Εξέλιξη του Χρηματοοικονομικού Συστήματος, Το Πλαίσιο του Ελληνικού Χρηματοπιστωτικού Συστήματος μέχρι τα Μέσα της Δεκαετίας του 1980, Η Εξέλιξη του Χρηματοοικονικού Συστήματος την Περίοδο 1994-2001, Βιβλιογραφία. |
| 700 1# - ΠΡΟΣΘΕΤΗ ΑΝΑΓΡΑΦΗ--ΦΥΣΙΚΟ ΠΡΟΣΩΠΟ | |
| Personal name | Πετράκης Π.Ε |
| 9 (RLIN) | 4686 |
| 942 ## - ADDED ENTRY ELEMENTS (KOHA) | |
| Koha item type | Books |
| Τύπος τεκμηρίου | Βιβλιοθήκη | Τρέχουσα τοποθεσία | Barcode | Αριθμός εισαγωγής | Ημερομηνία απόκτησης | Ταξιθετικό σύμβολο | Αριθμός αντιτύπου | Κατάσταση απόσυρσης | Κατάσταση χαμένου | Κατάσταση κατεστραμμένου | Μη δανεισμός | Σύνολο δανεισμών | Ημερομηνία τελευταίας εμφάνισης | Η τιμή ισχύει από |
|---|---|---|---|---|---|---|---|---|---|---|---|---|---|---|
| Books | MC Athens Campus Library | MC Athens Campus Library | 9780000038227 | 3153 | 05/06/2025 | 658.15 PET V.B | 1 | 05/06/2025 | 05/06/2025 |